000 00511nam a2200169Ia 4500
008 110201s9999 xx 000 0 und d
082 _bB3893
_aK 1658
100 _aसाळगावकर शशिकला
245 _aकैलास
260 _bमेहता पब्लि.हा
365 _b40
600 _aसाळगावकर शशिकला
630 _aकैलास
700 _aसाळगावकर शशिकला
730 _aकैलास
942 _cBOOK
999 _c830433
_d830430